Les communes de France de plus de 100 000 habitants - Statistiques

Statistiques générales
  • Ce quiz a été pris 255 fois
  • Le résultat moyen est 34 sur 42
Statistiques - réponses
Indice Réponse % Correct
870 731 Marseille
100%
2 165 453 Paris
100%
260 958 Bordeaux
99%
522 969 Lyon
99%
342 669 Nice
99%
493 465 Toulouse
99%
234 475 Lille
98%
318 808 Nantes
96%
220 488 Rennes
96%
287 228 Strasbourg
96%
295 542 Montpellier
95%
139 926 Brest
89%
155 850 Angers
88%
147 865 Clermont-Ferrand
88%
158 198 Grenoble
88%
173 821 Saint-Etienne
88%
168 290 Le Havre
87%
178 745 Toulon
87%
158 002 Dijon
86%
118 489 Metz
86%
106 230 Caen
85%
181 194 Reims
84%
112 321 Rouen
83%
153 810 Saint-Denis
83%
112 852 Saint-Denis
83%
119 344 Perpignan
81%
105 058 Nancy
80%
116 269 Orléans
79%
137 087 Tours
79%
134 706 Amiens
77%
148 561 Nîmes
75%
130 876 Limoges
74%
143 847 Le Mans
71%
108 312 Mulhouse
67%
152 212 Villeurbanne
64%
130 721 Annecy
61%
117 912 Besançon
61%
145 133 Aix-en-Provence
58%
111 038 Argenteuil
44%
111 240 Montreuil
44%
121 583 Boulogne-Billancourt
41%
103 208 Saint-Paul
31%
Aucun quiz correspondant
Distribution des résultats
% des personnes avec chaque résultat
Percentile par nombre de réponses
Votre historique - résultats
Vous n’avez pas pris ce quiz